Qumrân (Record no. 46049)
[ view plain ]
| 000 -Etiqueta do registo | |
|---|---|
| Valores | 00592nam a2200205 4500 |
| 010 ## - Número ISBN | |
| ISBN | 9788461149964 |
| 100 ## - Dados gerais de processamento | |
| Dados gerais | 20071128d2006 m y0pory5003 ba |
| 101 1# - Língua de publicação | |
| Língua | por |
| 102 ## - País de publicação | |
| País | PT |
| 200 1# - Titulo e menção de responsabilidade | |
| Título próprio | Qumrân |
| Informação de outro título | O enigma dos manuscritos do Mar Morto |
| Primeira menção de responsabilidade | Eliette Abécassis |
| Outras menções de responsabilidade | trad. de Lúcia Liba Mucznik |
| 210 ## - Publicação | |
| Local de publicação | [S.l.] |
| Nome do editor | (Sic) idea y creación editorial |
| Data de publicação | 2006 |
| 215 ## - Descrição física | |
| Paginação / Volumes | 317 p |
| Dimensões | 22 cm |
| 225 2# - Colecção | |
| Título próprio da colecção | Enigmas da História |
| 675 ## - CDU | |
| Notação | 860-3 |
| Edição | 2 |
| Língua | por |
| 700 #1 - Autor principal | |
| Apelido | Abécassis |
| Nome | Eliette |
| 702 #1 - Autor secundário | |
| Apelido | Mucznik |
| Nome | Lúcia Liba |
| Função | 730 |
| 801 #0 - Fonte de origem | |
| País | PT |
| Agência | CMPEN |
| Regras de catalogação | RPC |
| 990 ## - Elementos KOHA | |
| Tipo de documento | Livro |
| Aquisição | Empréstimo | Código de barras | Cota | Permissão de empréstimo | Tipo de documento |
|---|---|---|---|---|---|
| Biblioteca Escolar Doutor Hernâni Cidade | Biblioteca Escolar Doutor Hernâni Cidade | 82909 | 82-9 ABE OUTROS GÉN. LIT. | Livro |